Central Library OPAC University of Rajshahi
Normal view MARC view

Entry Topical Term

Number of records used in: 2

001 - CONTROL NUMBER

  • control field: 1970

003 - CONTROL NUMBER IDENTIFIER

  • control field: BD-RjUL

005 - DATE AND TIME OF LATEST TRANSACTION

  • control field: 20220322113232.0

008 - FIXED-LENGTH DATA ELEMENTS

  • fixed length control field: 220322|| aca||aabn | a|a d

040 ## - CATALOGING SOURCE

  • Original cataloging agency: BD-RjUL
  • Transcribing agency: BD-RjUL

150 ## - HEADING--TOPICAL TERM

  • Topical term or geographic name entry element: প্রাকৃত ভাষা

670 ## - SOURCE DATA FOUND

  • Source citation: Work cat.: (BD-RjUL)47564: অলনার, আলফ্রেড সি. 144575, প্রাকৃত প্রবেশিকা / , ১৯৬৮